000 00365nam a22001457a 4500
003 OSt
005 20160727222409.0
008 160624b xxu||||| |||| 00| 0 eng d
040 _cTEST
100 _9952
_aCorder, S.P
245 _aIntroducing Applied Linguistics
260 _aNEW YORK
_bPENGUIN
_c1993
300 _aIntroducing Applied Linguistics
942 _2ddc
_cBK
999 _c758
_d758